000 00434nam a2200217Ia 4500
003 IT-RoPAU
008 120407s9999 xx 000 0 und d
040 _aIT-RoPAU
040 _cIT-RoPAU
041 _aita
100 _aTonino Guerra
245 _aL’uomo parallelo.
250 _aMilano
260 _aBompiani
260 _c1969
300 _a173 p.
300 _c20 cm
490 _v1
942 _cBK
999 _c27099
_d27099